[Event "Doeberl Cup 47th"]
[Site "Canberra"]
[Date "2009.04.10"]
[Round "3"]
[White "Neelotpal, Das"]
[Black "Bourmistrov, Denis"]
[Result "1-0"]
[WhiteElo "2514"]
[BlackElo "2149"]
[PlyCount "39"]
[EventDate "2009.04.09"]
[EventType "swiss"]
[EventRounds "9"]
[EventCountry "AUS"]
[SourceTitle "CBM 129 Extra"]
[Source "ChessBase"]
[SourceDate "2009.05.05"]
[SourceVersion "2"]
[SourceVersionDate "2009.05.20"]
[SourceQuality "1"]

1. d4 g6 2. e4 d6 3. Nc3 Nf6 4. Bg5 a6 5. f4 Bg7 6. Nf3 b5 7. Bd3 0-0 8. Qe2 Bb7 9. 0-0-0 b4 10. Nb1 a5 11. Nbd2 Na6 12. Nc4 d5 13. exd5 Bxd5 14. Nfe5 Nb8 15. f5 Nbd7 16. fxg6 fxg6 17. h4 Nxe5 18. dxe5 Nh5 19. Qe3 Qd7 20. Be4 1-0

[Event "Queenstown op"]
[Site "Queenstown"]
[Date "2006.01.16"]
[Round "2"]
[White "Bourmistrov, Denis"]
[Black "Wohl, Aleksandar H"]
[Result "0-1"]
[WhiteElo "2143"]
[BlackElo "2439"]
[PlyCount "52"]
[EventDate "2006.01.15"]
[EventType "swiss"]
[EventRounds "10"]
[EventCountry "NZL"]
[SourceTitle "CBM 110 Extra"]
[Source "ChessBase"]
[SourceDate "2006.03.10"]
[SourceVersion "2"]
[SourceVersionDate "2006.03.10"]
[SourceQuality "1"]

1. d4 Nf6 2. c4 e6 3. Nc3 Bb4 4. Qc2 Nc6 5. Nf3 d6 6. e3 0-0 7. a3 Bxc3+ 8. Qxc3 Re8 9. Be2 e5 10. b4 e4 11. Nd2 d5 12. cxd5 Ne7 13. 0-0 Nexd5 14. Qc2 Bf5 15. Qb3 h5 16. f4 Nb6 17. Qc2 Bg4 18. Bc4 Qd7 19. Bb2 Nfd5 20. Rfe1 h4 21. Bf1 Re6 22. Nxe4 Bf5 23. Bd3 Qe7 24. Ng5 Rxe3 25. Red1 Rxd3 26. Rxd3 Nxf4 0-1

[Event "Box Hill Autumn Cup"]
[Site "Box Hill"]
[Date "2005.02.11"]
[Round "2"]
[White "Exner, Rolf"]
[Black "Bourmistrov, Denis"]
[Result "0-1"]
[WhiteElo "1566"]
[BlackElo "2025"]
[PlyCount "32"]
[EventDate "2005.02.04"]
[EventType "swiss"]
[EventRounds "4"]
[EventCountry "AUS"]
[SourceTitle "EXT 2010"]
[Source "ChessBase"]
[SourceDate "2010.11.25"]
[SourceVersion "1"]
[SourceVersionDate "2010.11.25"]
[SourceQuality "1"]

1. d4 d5 2. c4 c6 3. cxd5 cxd5 4. Nc3 Nc6 5. Nf3 Bg4 6. e3 e6 7. Be2 Nf6 8. Bd2 Bd6 9. Qb3 Qe7 10. h3 Bh5 11. Nb5 Bb8 12. Rc1 0-0 13. g4 Bg6 14. Ne5 Bxe5 15. dxe5 Ne4 16. f4 Qh4+ 0-1

[Event "Victoria-ch U20"]
[Site "Box Hill"]
[Date "2004.05.29"]
[Round "6"]
[White "Bourmistrov, Denis"]
[Black "Vijayakumar, Rukman"]
[Result "1-0"]
[WhiteElo "2112"]
[BlackElo "1649"]
[PlyCount "83"]
[EventDate "2004.05.22"]
[EventType "swiss"]
[EventRounds "8"]
[EventCountry "AUS"]
[SourceTitle "EXT 2006"]
[Source "ChessBase"]
[SourceDate "2005.11.24"]
[SourceVersion "1"]
[SourceVersionDate "2005.11.24"]
[SourceQuality "1"]

1. d4 d5 2. c4 c6 3. Nf3 Nf6 4. Nc3 dxc4 5. a4 Bf5 6. e3 e6 7. Bxc4 Bb4 8. 0-0 Qa5 9. Qb3 Bxc3 10. bxc3 Qc7 11. Ba3 Nbd7 12. Rfe1 b6 13. Nd2 c5 14. e4 Bg6 15. e5 Ng8 16. Ne4 Bxe4 17. Rxe4 Ne7 18. Rd1 0-0 19. Bf1 Rfd8 20. g3 h6 21. f4 Rac8 22. c4 Nc6 23. d5 Nd4 24. Qa2 Nf8 25. Bb2 Nc6 26. Ree1 Nb4 27. Qb3 Rd7 28. Bg2 Rcd8 29. d6 Qc8 30. Be4 a5 31. g4 Nh7 32. Rd2 Rf8 33. Qg3 Qd8 34. h4 Kh8 35. g5 Rg8 36. g6 Nf8 37. h5 Ra7 38. Rg2 Qe8 39. Qe3 Qxa4 40. f5 Qe8 41. f6 a4 42. Rf1 1-0

[Event "Begonia op 38th"]
[Site "Ballarat"]
[Date "2004.03.08"]
[Round "6"]
[White "West, Guy"]
[Black "Bourmistrov, Denis"]
[Result "1-0"]
[WhiteElo "2352"]
[BlackElo "2220"]
[PlyCount "59"]
[EventDate "2004.03.06"]
[EventType "swiss"]
[EventRounds "7"]
[EventCountry "AUS"]
[SourceTitle "EXT 2007"]
[Source "ChessBase"]
[SourceDate "2006.11.23"]
[SourceVersion "1"]
[SourceVersionDate "2006.11.23"]
[SourceQuality "1"]

1. d4 g6 2. e4 Bg7 3. Nc3 d6 4. Be3 a6 5. g3 b5 6. Bg2 Bb7 7. Nge2 Nf6 8. 0-0 Qc8 9. h3 Nbd7 10. a3 0-0 11. Qc1 c5 12. d5 Re8 13. Bh6 Bh8 14. Nf4 Nb6 15. Re1 b4 16. Nd1 Qc7 17. Ne3 e6 18. dxe6 fxe6 19. axb4 Nxe4 20. bxc5 Qxc5 21. Ng4 d5 22. Nd3 Qc7 23. h4 Rac8 24. c3 Nxg3 25. fxg3 Qxg3 26. Qf4 Qxf4 27. Bxf4 Nc4 28. Nge5 Rf8 29. Nxc4 Rxc4 30. Rxe6 1-0

[Event "AUS-ch op U20"]
[Site "Perth "]
[Date "2004.01.15"]
[Round "3"]
[White "Bourmistrov, Denis"]
[Black "Ly, Moulthun"]
[Result "1/2-1/2"]
[WhiteElo "2030"]
[BlackElo "1646"]
[PlyCount "21"]
[EventDate "2004.01.14"]
[EventType "swiss"]
[EventRounds "11"]
[EventCountry "AUS"]
[SourceTitle "EXT 2006"]
[Source "ChessBase"]
[SourceDate "2005.11.24"]
[SourceVersion "1"]
[SourceVersionDate "2005.11.24"]
[SourceQuality "1"]

1. d4 Nf6 2. c4 e6 3. Nc3 Bb4 4. Qc2 d5 5. cxd5 exd5 6. Bg5 c5 7. e3 cxd4 8. exd4 Nc6 9. Bb5 0-0 10. Nge2 h6 11. Be3 1/2-1/2

[Event "AUS-ch op U20"]
[Site "Perth "]
[Date "2004.01.14"]
[Round "1"]
[White "Bourmistrov, Denis"]
[Black "Holland, Dennis"]
[Result "1-0"]
[WhiteElo "2030"]
[BlackElo "1531"]
[PlyCount "44"]
[EventDate "2004.01.14"]
[EventType "swiss"]
[EventRounds "11"]
[EventCountry "AUS"]
[SourceTitle "EXT 2006"]
[Source "ChessBase"]
[SourceDate "2005.11.24"]
[SourceVersion "1"]
[SourceVersionDate "2005.11.24"]
[SourceQuality "1"]

1. d4 d5 2. c4 c6 3. Nf3 Nf6 4. Nc3 dxc4 5. a4 Bf5 6. Nh4 e6 7. Nxf5 exf5 8. e3 Bb4 9. Bxc4 0-0 10. 0-0 Qc7 11. Qc2 g6 12. f3 Qb6 13. Kh1 Nbd7 14. Na2 a5 15. Nxb4 Qxb4 16. b3 Rfe8 17. Ba3 Qb6 18. Rae1 Nd5 19. e4 Nb4 20. Qf2 Re7 21. Bxb4 Qxb4 22. Qh4 Rae8 1-0

[Event "Victoria Masters-A"]
[Site "Melbourne"]
[Date "2003.04.12"]
[Round "8"]
[White "Bourmistrov, Denis"]
[Black "Caoili, Arianne"]
[Result "1/2-1/2"]
[WhiteElo "2195"]
[BlackElo "2293"]
[PlyCount "65"]
[EventDate "2003.04.??"]
[EventType "tourn"]
[EventRounds "9"]
[EventCountry "AUS"]
[EventCategory "3"]
[SourceTitle "EXT 2005"]
[Source "ChessBase"]
[SourceDate "2004.11.15"]
[SourceVersion "1"]
[SourceVersionDate "2004.11.15"]
[SourceQuality "1"]

1. d4 Nf6 2. c4 e6 3. Nc3 d5 4. cxd5 exd5 5. Bg5 Be7 6. Qc2 c6 7. e3 Nbd7 8. Bd3 0-0 9. Nge2 Re8 10. 0-0 h6 11. Bh4 Ne4 12. Bxe7 Qxe7 13. Rae1 Ndf6 14. f3 Nxc3 15. Nxc3 Qd6 16. Qf2 Be6 17. Rd1 a6 18. h3 Nh5 19. e4 Nf4 20. Bb1 Qd7 21. e5 Bf5 22. Qh4 Ng6 23. Qf2 Bxb1 24. Rxb1 Rf8 25. Qg3 Qf5 26. f4 h5 27. Qf3 Nh4 28. Qg3 Ng6 29. Qf3 Nh4 30. Qg3 Ng6 31. Qf3 Nh4 32. Qg3 Ng6 33. Qf3 1/2-1/2

[Event "Victoria Masters-A"]
[Site "Melbourne"]
[Date "2003.04.11"]
[Round "7"]
[White "Levi, Eddy"]
[Black "Bourmistrov, Denis"]
[Result "0-1"]
[WhiteElo "2269"]
[BlackElo "2195"]
[PlyCount "40"]
[EventDate "2003.04.??"]
[EventType "tourn"]
[EventRounds "9"]
[EventCountry "AUS"]
[EventCategory "3"]
[SourceTitle "EXT 2005"]
[Source "ChessBase"]
[SourceDate "2004.11.15"]
[SourceVersion "1"]
[SourceVersionDate "2004.11.15"]
[SourceQuality "1"]

1. e4 g6 2. Nc3 Bg7 3. f4 c6 4. Bc4 b5 5. Bb3 a5 6. a3 d6 7. d4 e6 8. d5 exd5 9. exd5 Bb7 10. Nf3 Ne7 11. Nd4 b4 12. dxc6 Nbxc6 13. Nxc6 Bxc6 14. Nd5 0-0 15. 0-0 Re8 16. Nxe7+ Qxe7 17. axb4 Qe4 18. Qd2 Bd4+ 19. Kh1 Qe2 20. Rg1 Bxg2+ 0-1

[Event "Victoria Masters-A"]
[Site "Melbourne"]
[Date "2003.04.06"]
[Round "2"]
[White "Bourmistrov, Denis"]
[Black "West, Guy"]
[Result "1/2-1/2"]
[WhiteElo "2195"]
[BlackElo "2381"]
[PlyCount "81"]
[EventDate "2003.04.??"]
[EventType "tourn"]
[EventRounds "9"]
[EventCountry "AUS"]
[EventCategory "3"]
[SourceTitle "EXT 2005"]
[Source "ChessBase"]
[SourceDate "2004.11.15"]
[SourceVersion "1"]
[SourceVersionDate "2004.11.15"]
[SourceQuality "1"]

1. d4 d6 2. c4 e5 3. dxe5 dxe5 4. Qxd8+ Kxd8 5. g3 f6 6. Nf3 Be6 7. b3 a5 8. Nfd2 c6 9. Nc3 Ne7 10. Bg2 Nc8 11. 0-0 Nb6 12. Nde4 Na6 13. f4 Nd7 14. fxe5 Nxe5 15. Be3 Nd7 16. Rfd1 Ba3 17. Rd2 Ke7 18. Rad1 Ndc5 19. Nf2 Bb4 20. Bd4 Rhd8 21. Bxc5+ Bxc5 22. Rxd8 Rxd8 23. Rxd8 Kxd8 24. Kf1 Bd4 25. Nfd1 Kc7 26. e3 Be5 27. Be4 f5 28. Bb1 Kd6 29. Ke2 h5 30. Kf3 g5 31. e4 f4 32. gxf4 Bxf4 33. Kg2 Be5 34. Ne2 Bg4 35. Ndc3 Kc5 36. Na4+ Kb4 37. Nc1 Nc5 38. a3+ Kxa3 39. Nxc5 Bd4 40. h3 Bd1 41. N1d3 1/2-1/2

[Event "Victoria Masters-A"]
[Site "Melbourne"]
[Date "2003.04.05"]
[Round "1"]
[White "Bourmistrov, Denis"]
[Black "Wastney, Scott C"]
[Result "1/2-1/2"]
[WhiteElo "2195"]
[BlackElo "2266"]
[PlyCount "116"]
[EventDate "2003.04.??"]
[EventType "tourn"]
[EventRounds "9"]
[EventCountry "AUS"]
[EventCategory "3"]
[SourceTitle "EXT 2005"]
[Source "ChessBase"]
[SourceDate "2004.11.15"]
[SourceVersion "1"]
[SourceVersionDate "2004.11.15"]
[SourceQuality "1"]

1. d4 Nf6 2. c4 g6 3. Nc3 d5 4. cxd5 Nxd5 5. Bd2 Bg7 6. e4 Nb6 7. Be3 0-0 8. Be2 Nc6 9. Nf3 Bg4 10. d5 Bxf3 11. gxf3 Na5 12. Bd4 Qd6 13. Bxg7 Kxg7 14. Qd2 Qf6 15. Nd1 Nac4 16. Qc1 Qd4 17. h4 h5 18. b3 Ne5 19. Qb2 Qxb2 20. Nxb2 Rac8 21. Rg1 Ned7 22. Rc1 e6 23. dxe6 fxe6 24. Rg5 Rf4 25. Kd2 Rxh4 26. Nd3 Kf6 27. Rcg1 Rg8 28. Ke3 Nc8 29. Nf4 Ne7 30. Nxe6 Ne5 31. f4 Rh3+ 32. f3 Nxf3 33. Bxf3 Kxe6 34. f5+ Kf7 35. Kf4 gxf5 36. exf5 Rh4+ 37. Ke5 Rxg5 38. Rxg5 Nc6+ 39. Bxc6 bxc6 40. f6 Rh2 41. Rg7+ Kf8 42. Rxc7 Rxa2 43. Rxc6 h4 44. Rc8+ Kf7 45. Rc7+ Kf8 46. Rh7 Ra5+ 47. Kd4 Rf5 48. Rh8+ Kf7 49. Rxh4 Rxf6 50. Rh7+ Ke8 51. Rxa7 Kd8 52. b4 Kc8 53. b5 Kb8 54. Rh7 Rf5 55. Kc4 Rg5 56. Kb4 Rg1 57. Ka5 Rg6 58. Rf7 Rh6 1/2-1/2

[Event "AUS-ch U18"]
[Site "Adelaide"]
[Date "2003.01.21"]
[Round "9"]
[White "Oliver, Gareth"]
[Black "Bourmistrov, Denis"]
[Result "1/2-1/2"]
[WhiteElo "1691"]
[BlackElo "2087"]
[PlyCount "47"]
[EventDate "2003.01.??"]
[EventType "swiss"]
[EventRounds "11"]
[EventCountry "AUS"]
[SourceTitle "EXT 2006"]
[Source "ChessBase"]
[SourceDate "2005.11.24"]
[SourceVersion "1"]
[SourceVersionDate "2005.11.24"]
[SourceQuality "1"]

1. d4 Nf6 2. Nf3 e6 3. Bg5 d5 4. Nbd2 c5 5. c3 Nbd7 6. e3 Be7 7. Bd3 b6 8. Ne5 Nxe5 9. dxe5 Nd7 10. Bxe7 Qxe7 11. f4 Qh4+ 12. g3 Qe7 13. Nf3 Bb7 14. Qe2 Rb8 15. 0-0 0-0 16. Bxh7+ Kxh7 17. Ng5+ Kh6 18. Qg4 Rh8 19. Qh4+ Kg6 20. Qg4 Nxe5 21. f5+ exf5 22. Qxf5+ Kh6 23. Qh3+ Kxg5 24. Qf5+ 1/2-1/2